Normal view
MARC view
Entry Personal Name
001 - CONTROL NUMBER
- control field: 15935
003 - CONTROL NUMBER IDENTIFIER
- control field: OSt
005 - DATE AND TIME OF LATEST TRANSACTION
- control field: 20220317115000.0
008 - FIXED-LENGTH DATA ELEMENTS
- fixed length control field: 220317|| aca||aabn | a|a d
040 ## - CATALOGING SOURCE
- Original cataloging agency: OSt
- Transcribing agency: OSt
100 ## - HEADING--PERSONAL NAME
- Personal name: Migdal, Joel s
670 ## - SOURCE DATA FOUND
- Source citation: Work cat.: (OSt): Migdal, Joel s, State in society, , C 2001
